The Quran Hold the keys (Record no. 609324)

000 -LEADER
fixed length control field 00350nam a22001337a 4500
020 ## - INTERNATIONAL STANDARD BOOK NUMBER
International Standard Book Number 9698891005
040 ## - CATALOGING SOURCE
Transcribing agency nust
082 ## - DEWEY DECIMAL CLASSIFICATION NUMBER
Classification number 297.1229
Author Mark Jaf
100 ## - MAIN ENTRY--PERSONAL NAME
Personal name Jaffri, islam Nabi
9 (RLIN) 122960
245 ## - TITLE STATEMENT
Title The Quran Hold the keys
260 ## - PUBLICATION, DISTRIBUTION, ETC.
Place of publication, distribution, etc. Pakistan:
Name of publisher, distributor, etc. Instant Print System Ltd,
Date of publication, distribution, etc. 2006.
650 ## - SUBJECT ADDED ENTRY--TOPICAL TERM
Topical term or geographic name entry element The Quran Hold the keys
9 (RLIN) 122961
942 ## - ADDED ENTRY ELEMENTS (KOHA)
Source of classification or shelving scheme
Koha item type Book
Holdings
Withdrawn status Lost status Source of classification or shelving scheme Damaged status Not for loan Permanent Location Current Location Shelving location Date acquired Total Checkouts Full call number Barcode Date last seen Price effective from Koha item type
          College of Electrical & Mechanical Engineering (CEME) College of Electrical & Mechanical Engineering (CEME) General Stacks 05/27/2024   297.1229 Jaf CEME- 41954 05/27/2024 05/27/2024 Book
          College of Electrical & Mechanical Engineering (CEME) College of Electrical & Mechanical Engineering (CEME) General Stacks 05/27/2024   297.1229 Jaf CEME- 41955 05/27/2024 05/27/2024 Book
          College of Electrical & Mechanical Engineering (CEME) College of Electrical & Mechanical Engineering (CEME) General Stacks 05/27/2024   297.1229 Jaf CEME- 41956 05/27/2024 05/27/2024 Book
          College of Electrical & Mechanical Engineering (CEME) College of Electrical & Mechanical Engineering (CEME) General Stacks 05/27/2024   297.1229 Jaf CEME- 41957 05/27/2024 05/27/2024 Book
          College of Electrical & Mechanical Engineering (CEME) College of Electrical & Mechanical Engineering (CEME)   05/27/2024   297.1229 Jaf CEME- 41958 05/27/2024 05/27/2024 Book
© 2023 Central Library, National University of Sciences and Technology. All Rights Reserved.